LEADER 01130nam 2200361 450 001 9910136786503321 005 20160406082207.0 035 $a(CKB)3710000000631185 035 $a(WaSeSS)IndRDA00054106 035 $a(EXLCZ)993710000000631185 100 $a20160406d2015 || | 101 0 $aeng 135 $aur||||||||||| 181 $ctxt$2rdacontent 182 $cc$2rdamedia 183 $acr$2rdacarrier 200 00$aCBSE '15 $eproceedings of the 18th International ACM SIGSOFT Symposium on Component-based Software Engineering : May 4-8, 2015, Montre?al, QC, Canada /$fsponsored by ACM SIGSOFT 210 1$aNew York :$cACM,$d2015. 215 $a1 online resource (118 pages) 300 $aIncludes index. 311 $a1-5090-1469-1 311 $a1-4503-3471-7 606 $aComponent software$vCongresses 606 $aSoftware engineering$vCongresses 615 0$aComponent software 615 0$aSoftware engineering 712 02$aACM Sigsoft, 801 0$bWaSeSS 801 1$bWaSeSS 906 $aPROCEEDING 912 $a9910136786503321 996 $aCBSE '15$92129323 997 $aUNINA LEADER 01627nam2 22003131i 450 001 UON00426225 005 20231205104848.290 010 $a37-997072-0-4 100 $a20130606d1980 |0itac50 ba 101 $ager$aGOT 102 $aDE 105 $a|||| ||||| 200 1 $aDeutsche Geschichte im 19. Jahrhundert. Deutschland um 1800$eKrise und Neugestaltung von 1789 bis 1815 $fvon Kurt von Raumer und Manfred Botzenhart 210 $aWiesbaden$cAkademische Verlagsgesellschaft Athenaion$d1980 215 $a678 p.$d26 cm. 311 $a1. Teil$9UON00426227 461 0$1001UON00426227$12001 $aHandbuch der Deutschen Geschichte$fbegründet von Otto Brandt$gfortgeführt von Arnold Oskar Meyer$gneu herausgegeben von Leo Just$gunter Mitwirkung von Hartmut Boockmann... [et al.]$1210 $aWiesbaden$cAkademische Verlagsgesellschaft Athenaion$d1980$1215 $av.-$d26 cm.$v3/I 1. Teil 606 $aGERMANIA$xStoria$xSec. 19.$3UONC084040$2FI 620 $aDE$dWiesbaden$3UONL003153 676 $a394.269$cStoria, geografia, persone$v20 700 1$aRAUMER$bKurt : von$3UONV126077$0508627 701 1$aBOTZENHART$bManfred$3UONV216682$0636582 712 $aAkademische Verlagsgesellschaft Athenaion$3UONV258576$4650 801 $aIT$bSOL$c20240220$gRICA 899 $aSIBA - SISTEMA BIBLIOTECARIO DI ATENEO$2UONSI 912 $aUON00426225 950 $aSIBA - SISTEMA BIBLIOTECARIO DI ATENEO$dSI TED 10 a RAU 01 $eSI LO 17948 5 01 $sBuono 996 $aDeutsche Geschichte im 19. Jahrhundert. Deutschland um 1800$91184838 997 $aUNIOR